| 000 | 01443nam a2200349 4500 | ||
|---|---|---|---|
| 003 | MX-MxINE | ||
| 005 | 20260601171020.0 | ||
| 008 | 260520b2024\\\\mx\a||||\||||\00|\0\spa\d | ||
| 020 | _a9786076951552 | ||
| 040 |
_aICI _bspa _cICI _erda |
||
| 041 |
_aspa _aeng |
||
| 050 |
_aNK4008.M6 _bT87 2024 |
||
| 100 |
_aTurok Wallace, Marta, _eautor _934590 |
||
| 245 |
_aMata Ortiz : _b Juan Quezada, sueños de barro y fuego = Juan Quezada, dreams of clay and fire / _cMarta Turok Wallace ; fotografías de Ignacio Guerrero, Jorge Vertiz, Bobby Furts y John Malmin. |
||
| 264 |
_aChihuahua, México : _bMora Pérez Lisset Paulina, _c2024 |
||
| 300 |
_a313 páginas _bilustraciones |
||
| 336 |
_2rdacontent _atexto |
||
| 337 |
_2rdamedia _asin medio |
||
| 338 |
_2rdacarrier _avolumen |
||
| 500 | _aTexto en español e inglés. | ||
| 520 | _aEstudio documental y fotográfico sobre la tradición cerámica de Mata Ortiz, Chihuahua, y el legado artístico de Juan Quezada Celado. | ||
| 600 |
_aQuezada Celado, Juan, _d1940-2022 _934591 |
||
| 650 |
_aCerámica mexicana _xHistoria _934592 |
||
| 650 |
_aAlfarería _xMéxico _934593 |
||
| 650 |
_aArte popular _xMéxico. |
||
| 651 |
_a Mata Ortiz (Chihuahua, México) _934595 |
||
| 700 |
_aGuerrero, Ignacio, _eFotógrafo _934596 |
||
| 700 |
_aVertiz, Jorge, _efotógrafo. |
||
| 700 |
_aFurts, Bobby, _efotógrafo. _934597 |
||
| 700 |
_aMalmin, John, _efotógrafo. _934598 |
||
| 942 |
_2lcc _n1 _cB |
||
| 999 |
_c20862 _d20862 |
||